Modifications and testing of KAU arecanut de-husker (Record no. 15078)
[ view plain ]
| 000 -LEADER | |
|---|---|
| fixed length control field | 00761nam a22001697a 4500 |
| 003 - CONTROL NUMBER IDENTIFIER | |
| control field | OSt |
| 088 ## - REPORT NUMBER | |
| Report number | T 60 |
| 100 ## - MAIN ENTRY--AUTHOR NAME | |
| Personal name | RAJMOHAN C. K |
| 245 ## - TITLE STATEMENT | |
| Title | Modifications and testing of KAU arecanut de-husker |
| 260 ## - PUBLICATION, DISTRIBUTION, ETC. (IMPRINT) | |
| Place of publication | Tavanur 1996 |
| Name of publisher | Kelappaji College of Agricultural Engineering and Technology |
| 300 ## - PHYSICAL DESCRIPTION | |
| Number of Pages | 86 |
| 500 ## - GENERAL NOTE | |
| General note | Modifications and testing of KAU arecanut de-husker |
| 520 ## - SUMMARY, ETC. | |
| Summary, etc | Arecanut palm is an extensively cultivated tropical palm, the nuts of which form a popular masticatory in India, the Middle-East and the Far-East.<br/>to evaluate the properties of arecanut relevant to dehusking. modification of KAU arecanut dehusker. to evaluate its performance |
| 700 ## - ADDED ENTRY--PERSONAL NAME | |
| Personal name | Er. Jippu Jacob (Guide) |
| 942 ## - ADDED ENTRY ELEMENTS (KOHA) | |
| Koha item type | Theses |
| Collection code | Home library | Current library | Shelving location | Full call number | Accession Number | Koha item type | Public note |
|---|---|---|---|---|---|---|---|
| Reference | KAUAET | KAUAET | Reference | 631.3 RAJ/MO | T 60 | Theses | M.Tech Thesis |
